[Event "237th YMCA Winter B "]
[Site "?"]
[Date "2021.01.21"]
[Round "1"]
[White "Leszczynski, Bartosz"]
[Black "Matyszkiewicz, Wiktor"]
[Result "0-1"]
[WhiteElo "1841"]
[BlackElo "1794"]
[PlyCount "60"]
[EventDate "2021.01.21"]
[EventType "tourn"]
[EventRounds "1"]
[EventCountry "POL"]
[SourceDate "2021.01.20"]

1. d4 Nf6 2. c4 g6 3. Nc3 Bg7 4. e4 d6 5. Be2 O-O 6. Bg5 h6 7. Be3 Nbd7 8. Qd2
Kh7 9. f3 c5 10. d5 Ne5 11. g4 Ne8 12. h4 Nc7 13. a4 Na6 14. Nh3 Nb4 15. Nf2 f5
16. h5 f4 17. Bxf4 Rxf4 18. Qxf4 Nc2+ 19. Kd2 Nxa1 20. Rxa1 g5 21. Qe3 Qa5 22.
Kc2 Bd7 23. b3 Rf8 24. Rf1 a6 25. Nfd1 Rf4 26. Qd2 Qd8 27. Nb2 Qf8 28. Qd1 Qf6
29. Bd3 Kg8 30. Be2 Nc6 0-1

[Event "237th YMCA Winter B "]
[Site "?"]
[Date "2021.01.21"]
[Round "1"]
[White "Mlynarski, Zbigniew"]
[Black "Jaroszuk, Marcin"]
[Result "0-1"]
[WhiteElo "1568"]
[BlackElo "1500"]
[PlyCount "104"]
[EventDate "2021.01.21"]
[EventType "tourn"]
[EventRounds "1"]
[EventCountry "POL"]
[SourceDate "2021.01.20"]

1. e4 e5 2. Nf3 Nc6 3. Bb5 a6 4. Ba4 d6 5. O-O Bg4 6. c3 Qf6 7. Bxc6+ bxc6 8.
d3 Bxf3 9. Qxf3 Qxf3 10. gxf3 Ne7 11. f4 exf4 12. Bxf4 g5 13. Be3 f5 14. Bd4
Rg8 15. c4 Bg7 16. Bxg7 Rxg7 17. exf5 Nxf5 18. Nc3 Nd4 19. Kg2 h6 20. Rfe1+ Re7
21. Rxe7+ Kxe7 22. Re1+ Kf7 23. Re4 Ne6 24. Ne2 Nc5 25. Re3 Ne6 26. Kg3 h5 27.
d4 Rb8 28. b3 a5 29. f4 gxf4+ 30. Nxf4 Rg8+ 31. Kf3 Nxf4 32. Kxf4 Rg4+ 33. Kf5
Rxd4 34. Rh3 h4 35. Kg5 d5 36. c5 Ke6 37. Rxh4 Rxh4 38. Kxh4 Kf5 39. Kg3 Ke4
40. Kf2 Kd3 41. h4 Ke4 42. h5 Kf5 43. h6 Kg6 44. h7 Kxh7 45. Ke3 Kg6 46. Kd4
Kf5 47. a3 Ke6 48. b4 a4 49. Kd3 Ke5 50. Ke3 d4+ 51. Kd3 Kd5 52. Kd2 Kc4 0-1

[Event "237th YMCA Winter B "]
[Site "?"]
[Date "2021.01.21"]
[Round "1"]
[White "Sloniewska, Alicja"]
[Black "Tober, Mariusz"]
[Result "1-0"]
[WhiteElo "1664"]
[BlackElo "1611"]
[PlyCount "121"]
[EventDate "2021.01.21"]
[EventType "tourn"]
[EventRounds "1"]
[EventCountry "POL"]
[SourceDate "2021.01.20"]

1. d4 Nf6 2. c4 g6 3. Nc3 Bg7 4. e4 O-O 5. Nf3 d6 6. Be2 e5 7. d5 Na6 8. O-O
Nc5 9. Qc2 a5 10. Bg5 h6 11. Be3 b6 12. Nd2 Ng4 13. Bxg4 Bxg4 14. a3 a4 15.
Bxc5 dxc5 16. Nxa4 Bd7 17. Nc3 Qe7 18. Nb3 f5 19. Nc1 f4 20. f3 g5 21. h3 h5
22. Nd3 g4 23. hxg4 hxg4 24. Kf2 Qh4+ 25. Ke2 Qh2 26. Kd1 Bf6 27. Qe2 Rf7 28.
Kd2 Rg7 29. Rab1 Kf7 30. Rh1 Qg3 31. Qf2 gxf3 $11 32. gxf3 Rag8 33. Ke2 Ke7 34.
Rh5 Rg6 35. Rbh1 Kd6 36. b4 Qxf2+ 37. Nxf2 cxb4 38. axb4 Rg2 39. Rh7 Bg7 40.
R1h2 Rg3 41. Nd3 c5 42. b5 Ra8 43. Rh1 Ra3 44. Rc1 Bh3 45. Ne1 Ra8 46. Kf2 Ke7
47. Rc2 Ra3 48. Ne2 Bf5 49. exf5 Rg5 50. Nc3 Kf8 51. Ne4 Rxf5 52. Ng2 Kg8 53.
Rh1 Rf8 54. Nh4 Rfa8 55. Nf5 Ra2 56. Rhc1 R8a4 57. Ke1 R2a3 58. Rc3 Kf7 59. Kd2
Bf8 60. Nfd6+ Bxd6 61. Nxd6+ 1-0

[Event "237th YMCA Winter B "]
[Site "?"]
[Date "2021.01.21"]
[Round "1"]
[White "Mazurek, Jerzy"]
[Black "Haliniak, Wojciech"]
[Result "1-0"]
[WhiteElo "1704"]
[BlackElo "1779"]
[PlyCount "61"]
[EventDate "2021.01.21"]
[EventType "tourn"]
[EventRounds "1"]
[EventCountry "POL"]
[SourceDate "2021.01.20"]

1. d4 Nf6 2. c4 c5 3. d5 b5 4. cxb5 a6 5. bxa6 Bxa6 6. Nc3 d6 7. e4 g6 8. Bxa6
Nxa6 9. Nf3 Bg7 10. O-O O-O 11. Qe2 Qb6 12. Nd2 Nb4 13. Nc4 Qa6 14. a3 Rfb8 15.
Rb1 Nd7 16. axb4 Rxb4 17. Nd2 c4 18. Qd1 Nc5 19. Qc2 Qb6 20. Nf3 Rb3 21. Be3
Rb8 22. Na4 Qb4 23. Nxc5 dxc5 24. Nd2 Rxb2 25. Rxb2 Qxb2 26. Qxc4 Bd4 27. Bxd4
cxd4 28. Qd3 Rc8 29. Nf3 Rc1 30. g3 Rc3 31. Qxd4 1-0

[Event "237th YMCA Winter B "]
[Site "?"]
[Date "2021.02.05"]
[Round "1"]
[White "Safanowski, Tomasz"]
[Black "Basiaga, Sebastian"]
[Result "1/2-1/2"]
[WhiteElo "1832"]
[BlackElo "1716"]
[PlyCount "49"]
[EventDate "2021.01.21"]
[EventType "tourn"]
[EventRounds "1"]
[EventCountry "POL"]
[SourceDate "2021.01.20"]

1. d4 d5 2. Nf3 Nf6 3. c4 c6 4. Nc3 e6 5. Bg5 Be7 6. e3 Nbd7 7. Rc1 O-O 8. Qc2
a6 9. Bd3 dxc4 10. Bxc4 b5 11. Bd3 c5 12. Bxf6 Nxf6 13. Ne4 cxd4 14. Nxf6+ Bxf6
15. Bxh7+ Kh8 16. Be4 Rb8 17. Qc5 g6 18. exd4 Bb7 19. Bxb7 Rxb7 20. Ne5 Kg8 21.
O-O b4 22. Rfd1 Rb5 23. Qc6 Rd5 24. Re1 Rxd4 25. Qxa6 $11 1/2-1/2

[Event "237th YMCA Winter B "]
[Site "?"]
[Date "2021.01.28"]
[Round "2"]
[White "Haliniak, Wojciech"]
[Black "Safanowski, Tomasz"]
[Result "1-0"]
[WhiteElo "1779"]
[BlackElo "1832"]
[PlyCount "77"]
[EventDate "2021.01.21"]
[EventType "tourn"]
[EventRounds "1"]
[EventCountry "POL"]
[SourceDate "2021.01.20"]

1. e4 e6 2. Nc3 d5 3. Nf3 Nf6 4. e5 Nfd7 5. d4 c5 6. dxc5 Nc6 7. Bf4 Bxc5 8.
Bd3 a6 9. O-O b5 10. Qd2 Bb7 11. a3 h6 12. Rfe1 Nb6 13. Rad1 g5 14. Bg3 g4 15.
Nh4 Nc4 16. Bxc4 bxc4 17. Nxd5 Qxd5 18. Qf4 Nd4 19. Qxg4 O-O-O 20. Kh1 Qc6 21.
c3 Be7 22. Rxd4 Rxd4 23. cxd4 Bxh4 24. Bxh4 Qe8 25. f3 Rg8 26. Qf4 Bd5 27. Qxh6
Rg6 28. Qd2 Qh8 29. Qf2 Qh5 30. Bg3 Qf5 31. b3 cxb3 32. Rc1+ Kd7 33. Qd2 Qg5
34. Qc3 Qd8 35. Bh4 b2 36. Bxd8 bxc1=Q+ 37. Qxc1 Kxd8 38. Qc5 f5 39. Qf8+ 1-0

[Event "237th YMCA Winter B "]
[Site "?"]
[Date "2021.01.26"]
[Round "2"]
[White "Tober, Mariusz"]
[Black "Mazurek, Jerzy"]
[Result "1-0"]
[WhiteElo "1611"]
[BlackElo "1704"]
[PlyCount "77"]
[EventDate "2021.01.21"]
[EventType "tourn"]
[EventRounds "1"]
[EventCountry "POL"]
[SourceDate "2021.01.20"]

1. e4 e5 2. Nf3 Nc6 3. Bc4 Nf6 4. d3 Bc5 5. Bb3 d6 6. c3 a6 7. Nbd2 Ba7 8. Nf1
h6 9. Ng3 O-O 10. O-O Re8 11. h3 Be6 12. Bxe6 Rxe6 13. Nf5 d5 14. Qe2 Ne7 15.
N3h4 Nxf5 16. Nxf5 Kh7 17. Qf3 dxe4 18. dxe4 Ng8 19. Be3 Bxe3 20. Nxe3 Qf6 21.
Qe2 c6 22. Rad1 b5 23. Rd7 Qg6 24. Nf5 Nf6 25. Rd3 Nh5 26. Qd1 Rg8 27. Kh2 Qg5
28. g3 g6 29. h4 Qf6 30. Ne3 Ng7 31. Ng4 Qe7 32. Rd7 Qe8 33. Qd2 g5 34. hxg5
hxg5 35. Kg2 Rh8 36. Rh1+ Kg6 37. Rd8 Qxd8 38. Qxd8 Rxd8 39. Rh6# 1-0

[Event "237th YMCA Winter B "]
[Site "?"]
[Date "2021.01.26"]
[Round "2"]
[White "Jaroszuk, Marcin"]
[Black "Sloniewska, Alicja"]
[Result "0-1"]
[WhiteElo "1500"]
[BlackElo "1664"]
[PlyCount "102"]
[EventDate "2021.01.21"]
[EventType "tourn"]
[EventRounds "1"]
[EventCountry "POL"]
[SourceDate "2021.01.20"]

1. d4 d5 2. Nf3 Nf6 3. c4 e6 4. g3 Be7 5. Bg2 O-O 6. O-O Nbd7 7. Ne5 c6 8. Nxd7
Qxd7 9. Nd2 b6 10. e4 dxe4 11. Nxe4 Bb7 12. Nc3 c5 13. d5 exd5 14. cxd5 Rad8
15. Qc2 Bxd5 16. Nxd5 Nxd5 17. Be4 Nb4 18. Bxh7+ Kh8 19. Qb1 g6 20. Bxg6 fxg6
21. Qxg6 Bf6 22. Qh5+ Qh7 23. Qg4 Nd3 24. Rd1 Bd4 25. Be3 Bxe3 26. fxe3 Nf2 27.
Qe6 Nxd1 28. Qe5+ Qg7 29. Qh5+ Kg8 30. Rxd1 Rxd1+ 31. Qxd1 Qxb2 32. Qg4+ Qg7
33. Qe6+ Rf7 34. Qc8+ Kh7 35. Kg2 Qb2+ 36. Kh3 Qf2 37. e4 Qf1+ 38. Kh4 Qg2 39.
h3 Qxe4+ 40. g4 Qe1+ 41. Kh5 Qg3 42. Kg5 Qxh3 43. Qe6 Rg7+ 44. Kf4 Rxg4+ 45.
Qxg4 Qxg4+ 46. Kxg4 Kg6 47. Kf4 Kf6 48. Ke4 Ke6 49. a4 a6 50. Kd3 Kd5 51. Kc3
b5 0-1

[Event "237th YMCA Winter B "]
[Site "?"]
[Date "2021.01.27"]
[Round "2"]
[White "Matyszkiewicz, Wiktor"]
[Black "Mlynarski, Zbigniew"]
[Result "1-0"]
[WhiteElo "1794"]
[BlackElo "1568"]
[PlyCount "59"]
[EventDate "2021.01.21"]
[EventType "tourn"]
[EventRounds "1"]
[EventCountry "POL"]
[SourceDate "2021.01.20"]

1. e4 e5 2. Nf3 Nc6 3. Bb5 a6 4. Ba4 Nf6 5. O-O Nxe4 6. d4 b5 7. Bb3 Be7 8.
dxe5 O-O 9. Bd5 Nc5 10. Bf4 Bb7 11. Nc3 Kh8 12. a4 b4 13. Ne4 Ne6 14. Bg3 Qc8
15. Re1 Na5 16. Bxb7 Nxb7 17. Nd4 Nbc5 18. Nf5 Bd8 19. Nxc5 Nxc5 20. Qd4 Ne6
21. Qxb4 Rb8 22. Qc3 g6 23. Ne3 Be7 24. Nd5 Bc5 25. Bh4 g5 26. Bxg5 Nxg5 27.
Qxc5 d6 28. Qc3 Qf5 29. exd6+ f6 30. dxc7 1-0

[Event "237th YMCA Winter B "]
[Site "?"]
[Date "2021.01.28"]
[Round "2"]
[White "Prus, Marek"]
[Black "Leszczynski, Bartosz"]
[Result "0-1"]
[WhiteElo "1705"]
[BlackElo "1841"]
[PlyCount "34"]
[EventDate "2021.01.21"]
[EventType "tourn"]
[EventRounds "1"]
[EventCountry "POL"]
[SourceDate "2021.01.20"]

1. e4 c5 2. Nf3 g6 3. d4 cxd4 4. Nxd4 Nc6 5. Be3 Nf6 6. Nc3 Bg7 7. f3 O-O 8.
Qd2 d5 9. Nxc6 bxc6 10. O-O-O Qa5 11. Kb1 Rb8 12. Nxd5 Rxb2+ 13. Kxb2 Nxe4+ 14.
Bd4 Nxd2 15. Nxe7+ Kh8 16. Bxg7+ Kxg7 17. Nxc8 Rxc8 0-1

[Event "237th YMCA Winter B "]
[Site "?"]
[Date "2021.02.04"]
[Round "3"]
[White "Mlynarski, Zbigniew"]
[Black "Prus, Marek"]
[Result "1-0"]
[WhiteElo "1568"]
[BlackElo "1705"]
[PlyCount "66"]
[EventDate "2021.01.21"]
[EventType "tourn"]
[EventRounds "1"]
[EventCountry "POL"]
[SourceDate "2021.01.20"]

1. d4 Nf6 2. c4 g6 3. Nc3 Bg7 4. g3 O-O 5. Bg2 d6 6. Nf3 c6 7. O-O Nbd7 8. b3
e5 9. Ba3 exd4 10. Nxd4 Ne8 11. Rc1 Qa5 12. Bb2 Ne5 13. Nf3 f5 14. a3 f4 15. b4
Qc7 16. c5 d5 17. Nxe5 Bxe5 18. Nxd5 Qg7 19. Bxe5 Qxe5 20. Nxf4 g5 21. Nd3 Qg7
22. b5 Bd7 23. Nb4 Nc7 24. bxc6 bxc6 25. Nxc6 Bxc6 26. Bxc6 Rad8 27. Qa4 Rf6
28. Rfd1 Rdf8 29. Rd7 Qh6 30. Rxc7 Rxf2 31. Bd5+ Kh8 32. Qd4+ R8f6 33. Rc8+ Kg7
1-0

[Event "237th YMCA Winter B "]
[Site "?"]
[Date "2021.02.15"]
[Round "3"]
[White "Sloniewska, Alicja"]
[Black "Matyszkiewicz, Wiktor"]
[Result "0-1"]
[WhiteElo "1664"]
[BlackElo "1794"]
[PlyCount "64"]
[EventDate "2021.01.21"]
[EventType "tourn"]
[EventRounds "1"]
[EventCountry "POL"]
[SourceDate "2021.01.20"]

1. d4 Nf6 2. c4 g6 3. Nc3 d5 4. Bg5 Ne4 5. Nxe4 dxe4 6. e3 Bg7 7. Ne2 O-O 8.
Nc3 h6 9. Bf4 f5 10. h3 c5 11. d5 Nd7 12. Qc2 Ne5 13. Be2 Bd7 14. O-O Kh8 15.
Rfd1 Qe8 16. Rab1 a5 17. b3 g5 18. Bxe5 Bxe5 19. a3 Qg6 20. b4 axb4 21. axb4 g4
22. hxg4 Qf6 23. Rdc1 Ra3 24. Nd1 fxg4 25. g3 Ba4 26. Qd2 Bxd1 27. Bxd1 Bxg3
28. Rc2 Be5 29. bxc5 Qh4 30. c6 Qh2+ 31. Kf1 g3 32. Bg4 Qh1+ 0-1

[Event "237th YMCA Winter B "]
[Site "?"]
[Date "2021.02.02"]
[Round "3"]
[White "Safanowski, Tomasz"]
[Black "Tober, Mariusz"]
[Result "1-0"]
[WhiteElo "1832"]
[BlackElo "1611"]
[PlyCount "111"]
[EventDate "2021.01.21"]
[EventType "tourn"]
[EventRounds "1"]
[EventCountry "POL"]
[SourceDate "2021.01.20"]

1. d4 Nf6 2. Nf3 g6 3. b3 Bg7 4. Bb2 d5 5. g3 O-O 6. Bg2 Re8 7. O-O Bg4 8. c4
c6 9. Nc3 Qc8 10. Re1 Bh3 11. Bh1 Nbd7 12. cxd5 cxd5 13. Ng5 Nb6 14. Nxh3 Qxh3
15. Bg2 Qd7 16. Qd3 Rac8 17. a4 a5 18. Rac1 e6 19. Ba3 Bf8 20. Bxf8 Kxf8 21.
Qd2 Na8 22. Qf4 Kg7 23. Nb5 Rc6 24. f3 Rec8 25. Na7 Rxc1 26. Rxc1 Rxc1+ 27.
Qxc1 Qc7 $11 28. Qxc7 Nxc7 29. Nc8 Na6 30. Nd6 b6 31. e4 Kf8 32. Bf1 Nc7 33. e5
Nd7 34. Kf2 Ke7 35. Ke3 Ne8 36. Nb5 Nb8 37. Na7 Kd8 38. h4 f6 39. exf6 Nxf6 40.
Bd3 Nbd7 41. g4 Ke7 42. Kf4 Kf7 43. Nc8 h6 44. Bb5 g5+ 45. hxg5 hxg5+ 46. Kxg5
e5 47. dxe5 Nxe5 48. Kf4 Nfd7 49. Kf5 d4 50. f4 Nf3 51. Ke4 Nd2+ 52. Kd3 Nxb3
53. Bc4+ Kf6 54. Bxb3 Nc5+ 55. Kc4 Nxb3 56. Kxb3 1-0

[Event "237th YMCA Winter B "]
[Site "?"]
[Date "2021.02.04"]
[Round "3"]
[White "Basiaga, Sebastian"]
[Black "Haliniak, Wojciech"]
[Result "0-1"]
[WhiteElo "1716"]
[BlackElo "1779"]
[PlyCount "86"]
[EventDate "2021.01.21"]
[EventType "tourn"]
[EventRounds "1"]
[EventCountry "POL"]
[SourceDate "2021.01.20"]

1. e4 c5 2. Nf3 g6 3. Bc4 Bg7 4. Nc3 Nc6 5. O-O e6 6. Re1 a6 7. a4 Nge7 8. d3
O-O 9. Bg5 h6 10. Bh4 g5 11. Bg3 d5 12. Ba2 b5 13. Rb1 bxa4 14. Nxa4 Qa5 15. c3
Rd8 16. Qc2 Ng6 17. Ra1 Ra7 18. exd5 exd5 19. Bxd5 Rxd5 20. Re8+ Kh7 21. Rxc8
Nce7 22. Rb8 f5 23. h4 f4 24. Bh2 g4 25. Nd2 Qc7 26. Rb6 g3 27. Nf3 gxh2+ 28.
Kxh2 Qd7 29. d4 cxd4 30. Nxd4 Bxd4 31. cxd4 Qg4 32. Re1 Rh5 33. g3 f3 34. Kg1
Rxh4 35. Rxe7+ Rxe7 36. Qxg6+ Qxg6 37. Rxg6 Rxd4 38. Rxa6 Rd1+ 39. Kh2 h5 40.
Ra5 Ree1 41. g4 Rg1 42. Rxh5+ Kg6 43. Kh3 Rg2 0-1

[Event "237th YMCA Winter B "]
[Site "?"]
[Date "2021.02.23"]
[Round "4"]
[White "Tober, Mariusz"]
[Black "Basiaga, Sebastian"]
[Result "0-1"]
[WhiteElo "1611"]
[BlackElo "1716"]
[PlyCount "107"]
[EventDate "2021.01.21"]
[EventType "tourn"]
[EventRounds "1"]
[EventCountry "POL"]
[SourceDate "2021.01.20"]

1. e4 e5 2. Nc3 Bc5 3. f4 d6 4. Nf3 Nc6 5. Na4 Bg4 6. Nxc5 dxc5 7. Bb5 Nge7 8.
f5 Qd6 9. h3 Bxf3 10. Qxf3 O-O-O 11. c3 f6 12. O-O Kb8 13. b3 Nd4 14. Qf2 Nxb5
15. a4 Nd4 16. cxd4 Qxd4 17. Ba3 b6 18. Ra2 Nc6 19. a5 Qxf2+ 20. Rxf2 Rd3 21.
axb6 cxb6 22. Bb2 Rxb3 23. Bc3 Nd4 24. g4 Rd8 25. Kh2 Nb5 26. Rf3 Nxc3 27. dxc3
c4 28. Kg3 Rd3 29. Rxd3 cxd3 30. Rd2 Rxc3 31. h4 h6 32. g5 hxg5 33. hxg5 a5 34.
Kg4 fxg5 35. Kxg5 Rc4 36. Kg6 Rxe4 37. Kxg7 Rg4+ 38. Kf6 e4 39. Ke5 Kb7 40. f6
Rg8 41. Kxe4 Rf8 42. Ke5 Kc6 43. Ke6 Kc5 44. Rxd3 Kc4 45. Rh3 a4 46. Ke7 Ra8
47. f7 b5 48. Rh4+ Kb3 49. Rh3+ Kb4 50. Re3 a3 51. Kf6 a2 52. Re1 Kc4 53. Ra1
Kb3 54. Re1 0-1

[Event "237th YMCA Winter B "]
[Site "?"]
[Date "2021.02.11"]
[Round "4"]
[White "Jaroszuk, Marcin"]
[Black "Safanowski, Tomasz"]
[Result "1/2-1/2"]
[WhiteElo "1500"]
[BlackElo "1832"]
[PlyCount "117"]
[EventDate "2021.01.21"]
[EventType "tourn"]
[EventRounds "1"]
[EventCountry "POL"]
[SourceDate "2021.01.20"]

1. Nf3 Nf6 2. g3 b6 3. Bg2 Bb7 4. O-O g6 5. d4 Bg7 6. c4 O-O 7. Nc3 c5 8. d5 d6
9. Nd2 Bc8 10. Qc2 Na6 11. a3 Bd7 12. h3 Rb8 13. Re1 Nc7 14. Rb1 b5 15. b4 cxb4
16. axb4 Qc8 17. Kh2 bxc4 18. e4 Nb5 19. Nxb5 Bxb5 20. Bb2 Nd7 21. Bxg7 Kxg7
22. Qc3+ Kg8 23. f4 e5 24. Rbc1 f5 25. Nxc4 Bxc4 26. Qxc4 exf4 27. gxf4 Qxc4
28. Rxc4 fxe4 29. Rexe4 Nf6 30. Re6 Rb6 31. Rc6 Rxb4 32. Rcxd6 Nh5 33. Ra6 Rb2
34. Rxa7 Rxg2+ 35. Kxg2 Nxf4+ 36. Kg3 Nxe6 37. dxe6 Re8 38. e7 Kf7 39. Kf4 h6
40. h4 Rxe7 41. Rxe7+ Kxe7 42. Ke3 Kf7 43. Kf3 Kg7 44. Kg3 Kh7 45. Kh3 Kh8 46.
Kh2 Kg8 47. Kg2 Kg7 48. Kg3 Kg8 49. Kg2 Kf8 50. Kf2 Ke8 51. Ke2 Kd8 52. Kd2 Kc7
53. Kc3 Kc6 54. Kc4 g5 55. hxg5 hxg5 56. Kd4 Kd6 57. Ke4 Ke6 58. Kf3 g4+ 59.
Kxg4 1/2-1/2

[Event "237th YMCA Winter B "]
[Site "?"]
[Date "2021.02.10"]
[Round "4"]
[White "Matyszkiewicz, Wiktor"]
[Black "Mazurek, Jerzy"]
[Result "0-1"]
[WhiteElo "1794"]
[BlackElo "1704"]
[PlyCount "38"]
[EventDate "2021.01.21"]
[EventType "tourn"]
[EventRounds "1"]
[EventCountry "POL"]
[SourceDate "2021.01.20"]

1. e4 c5 2. Nf3 d6 3. d4 cxd4 4. Nxd4 Nf6 5. Nc3 g6 6. f3 Bg7 7. Be3 O-O 8. Qd2
Nc6 9. O-O-O d5 10. Nxc6 bxc6 11. Bh6 Be6 12. e5 Nd7 13. h4 Bxe5 14. Bxf8 Nxf8
15. Ne2 Rb8 16. c3 Qa5 17. a3 Bf5 18. Nd4 Qxa3 19. Qc2 Bf4+ 0-1

[Event "237th YMCA Winter B "]
[Site "?"]
[Date "2021.02.10"]
[Round "4"]
[White "Prus, Marek"]
[Black "Sloniewska, Alicja"]
[Result "0-1"]
[WhiteElo "1705"]
[BlackElo "1664"]
[PlyCount "90"]
[EventDate "2021.01.21"]
[EventType "tourn"]
[EventRounds "1"]
[EventCountry "POL"]
[SourceDate "2021.01.20"]

1. e4 c6 2. Ne2 d5 3. e5 e6 4. d4 Ne7 5. Bg5 Nd7 6. Nd2 Qc7 7. c4 dxc4 8. Nxc4
Nd5 9. a3 c5 10. Rc1 b5 11. Nd6+ Bxd6 12. exd6 Qxd6 13. dxc5 Qe5 14. Qd2 O-O
15. f4 Qe4 16. Kf2 a6 17. Ng3 Qa4 18. Bd3 Qd4+ 19. Kf3 Kh8 20. Ne2 Qa4 21. Bc2
Qc4 22. Bxh7 Qb3+ 23. Bd3 N5f6 24. Kf2 Qd5 25. c6 Ne4+ 26. Bxe4 Qxd2 27. cxd7
Qxd7 28. Bxa8 Qa7+ 29. Ke1 Qxa8 30. Rg1 Bb7 31. Rc3 f6 32. Bh4 Qd8 33. g4 g5
34. fxg5 fxg5 35. Bf2 Bf3 36. Nd4 Qd5 37. Nxf3 Rxf3 38. Rxf3 Qxf3 39. Bd4+ Kh7
40. Kd2 Qf4+ 41. Be3 Qxh2+ 42. Kc3 Qe5+ 43. Bd4 Qd5 44. Be3 Qc4+ 45. Kd2 Kg6
0-1

[Event "237th YMCA Winter B "]
[Site "?"]
[Date "2021.01.11"]
[Round "4"]
[White "Leszczynski, Bartosz"]
[Black "Mlynarski, Zbigniew"]
[Result "0-1"]
[WhiteElo "1841"]
[BlackElo "1568"]
[PlyCount "76"]
[EventDate "2021.01.21"]
[EventType "tourn"]
[EventRounds "1"]
[EventCountry "POL"]
[SourceDate "2021.01.20"]

1. d4 Nf6 2. c4 e6 3. Nc3 Bb4 4. Qc2 O-O 5. e4 c5 6. a3 cxd4 7. axb4 dxc3 8.
bxc3 d5 9. e5 Nfd7 10. f4 dxc4 11. Bxc4 Nxe5 12. Be2 Ng6 13. Nf3 Qb6 14. Qe4
Bd7 15. Qe3 Qc7 16. O-O b5 17. Nd4 Qb7 18. Nb3 Bc6 19. Nc5 Qc7 20. Ra5 a6 21.
Qh3 Nd7 22. Nxd7 Qxd7 23. Be3 Rfc8 24. Rd1 Qc7 25. Qg4 Bb7 26. Rc1 Be4 27. c4
Qd6 28. c5 Qd5 29. Rca1 Qb3 30. Bd2 Qb2 31. R1a2 Qd4+ 32. Kf1 Bb1 33. Ra1 Bf5
34. Qf3 Qxd2 35. Rxb5 Nh4 36. Qb7 Bd3 37. Rxa6 Qxe2+ 38. Kg1 Qf1# 0-1

[Event "237th YMCA Winter B "]
[Site "?"]
[Date "2021.02.17"]
[Round "5"]
[White "Sloniewska, Alicja"]
[Black "Leszczynski, Bartosz"]
[Result "1/2-1/2"]
[WhiteElo "1664"]
[BlackElo "1841"]
[PlyCount "161"]
[EventDate "2021.01.21"]
[EventType "tourn"]
[EventRounds "1"]
[EventCountry "POL"]
[SourceDate "2021.01.20"]

1. d4 Nf6 2. c4 c5 3. d5 b5 4. cxb5 a6 5. b6 e6 6. Nc3 Nxd5 7. Nxd5 exd5 8.
Qxd5 Nc6 9. Nf3 Be7 10. Ne5 O-O 11. Nxc6 dxc6 12. Qxc6 Rb8 13. e4 Rxb6 14. Qa4
Rb4 15. Qc2 Bf6 16. Be2 Qb6 17. Rb1 Be6 18. b3 c4 19. O-O cxb3 20. axb3 Rc8 21.
Qa2 Bxb3 22. Qxa6 Qxa6 23. Bxa6 Rc6 24. Bd3 Bc3 $11 25. Ba3 Rbb6 26. h3 Bd4 27.
Rfc1 Rxc1+ 28. Rxc1 Be6 29. Rb1 Rxb1+ 30. Bxb1 g6 31. Bd3 Kg7 32. Kf1 Kf6 33.
f4 Be3 34. Bd6 Kg7 35. Ke2 Bb6 36. Kf3 Bb3 37. g4 Bd1+ 38. Be2 Bb3 39. Be5+ f6
40. Bc3 Kf7 41. Bb5 Bd1+ 42. Kg3 Bb3 43. Bc6 Ke6 44. Bd5+ Bxd5 45. exd5+ Kxd5
46. Bxf6 Ke6 47. Bc3 Bd8 48. Kf3 Be7 49. Ke4 Bd8 50. f5+ gxf5+ 51. gxf5+ Kf7
52. Kf4 h6 53. Kg4 Bg5 54. Kh5 Bc1 55. Be5 Bd2 56. Kg4 Bb4 57. h4 Bf8 58. Kh5
Be7 59. Bc3 Bd8 60. Bd2 Kf6 61. Kg4 Kg7 62. Bb4 Bf6 63. h5 Bg5 64. Bc3+ Kf7 65.
Kf3 Bc1 66. Be5 Ba3 67. Ke4 Bf8 68. Bg3 Be7 69. Be5 Bf8 70. Kd5 Be7 71. Bf4 Bf8
72. Ke5 Bg7+ 73. Ke4 Bf8 $11 74. Be5 Be7 75. Kf4 Bd8 76. Kg4 Be7 77. Bf4 Bf8
78. Bg3 Bg7 79. Be1 Bf6 80. Bb4 Bg5 81. Bc3 1/2-1/2

[Event "237th YMCA Winter B "]
[Site "?"]
[Date "2021.02.18"]
[Round "5"]
[White "Mazurek, Jerzy"]
[Black "Prus, Marek"]
[Result "1-0"]
[WhiteElo "1704"]
[BlackElo "1705"]
[PlyCount "79"]
[EventDate "2021.01.21"]
[EventType "tourn"]
[EventRounds "1"]
[EventCountry "POL"]
[SourceDate "2021.01.20"]

1. d4 Nf6 2. c4 g6 3. Nc3 Bg7 4. e4 d6 5. h3 O-O 6. Be3 Na6 7. g4 c5 8. Nge2
Qa5 9. Qd2 cxd4 10. Nxd4 Nc5 11. Bg2 e5 12. Nc2 Qd8 13. O-O b6 14. Rfd1 Bb7 15.
Bxc5 dxc5 16. Qe3 Qe7 17. Bf3 Rfd8 18. g5 Ne8 19. Nd5 Bxd5 20. cxd5 Nd6 21. Na3
f5 22. gxf6 Bxf6 23. Bg4 Bg5 24. Qe2 h5 25. Be6+ Kg7 26. Nc4 Bf4 27. Nxd6 Qg5+
28. Kh1 Rxd6 29. Rd3 Kh6 30. Rg1 Qh4 31. Rg2 g5 32. Kg1 Rf8 33. a4 Rf6 34. Bf5
Rf7 35. Qc2 g4 36. hxg4 Rg7 37. Rh3 Qxh3 38. g5+ Rxg5 39. Bxh3 Rdg6 40. Rxg5
1-0

[Event "237th YMCA Winter B "]
[Site "?"]
[Date "2021.02.17"]
[Round "5"]
[White "Safanowski, Tomasz"]
[Black "Matyszkiewicz, Wiktor"]
[Result "0-1"]
[WhiteElo "1832"]
[BlackElo "1794"]
[PlyCount "76"]
[EventDate "2021.01.21"]
[EventType "tourn"]
[EventRounds "1"]
[EventCountry "POL"]
[SourceDate "2021.01.20"]

1. d4 Nf6 2. Nf3 g6 3. Bf4 Bg7 4. Nc3 d5 5. Qd2 O-O 6. Ne5 c5 7. dxc5 Nc6 8. f3
Qa5 9. Nxc6 bxc6 10. Be5 Qxc5 11. e3 Qa5 12. b3 Ne4 13. Nxe4 Qxd2+ 14. Nxd2
Bxe5 15. Rc1 Bc3 16. Bd3 Be6 17. Ke2 c5 18. Rb1 Rac8 19. Rhd1 f5 20. Kf2 Rfd8
21. Be2 Kf7 22. f4 Rc6 23. Nf3 Bc8 24. Rd3 Bf6 25. Rbd1 e6 26. c4 Rcd6 27. Ne5+
Ke7 28. Bf3 Bb7 29. g4 Bxe5 30. fxe5 R6d7 31. g5 Bc6 32. Kg3 dxc4 33. Rxd7+
Rxd7 34. Rxd7+ Kxd7 35. bxc4 Bxf3 36. Kxf3 Kc6 37. e4 fxe4+ 38. Kxe4 Kb6 0-1

[Event "237th YMCA Winter B "]
[Site "?"]
[Date "2021.02.18"]
[Round "5"]
[White "Basiaga, Sebastian"]
[Black "Jaroszuk, Marcin"]
[Result "0-1"]
[WhiteElo "1716"]
[BlackElo "1500"]
[PlyCount "28"]
[EventDate "2021.01.21"]
[EventType "tourn"]
[EventRounds "1"]
[EventCountry "POL"]
[SourceDate "2021.01.20"]

1. e4 e6 2. d4 d5 3. Nd2 Nf6 4. e5 Nfd7 5. Bd3 c5 6. c3 Nc6 7. Ne2 cxd4 8. cxd4
f6 9. Nf4 Nxd4 10. Qh5+ Ke7 11. Ng6+ hxg6 12. Qxh8 Nxe5 13. Bb1 Qc7 14. b3
Qxc1# 0-1

[Event "237th YMCA Winter B "]
[Site "?"]
[Date "2021.02.15"]
[Round "5"]
[White "Haliniak, Wojciech"]
[Black "Tober, Mariusz"]
[Result "1-0"]
[WhiteElo "1779"]
[BlackElo "1611"]
[PlyCount "77"]
[EventDate "2021.01.21"]
[EventType "tourn"]
[EventRounds "1"]
[EventCountry "POL"]
[SourceDate "2021.01.20"]

1. e4 d6 2. d4 g6 3. f4 Bg7 4. Nf3 Nf6 5. e5 dxe5 6. fxe5 Nd5 7. c4 Nb6 8. Be2
O-O 9. O-O Bg4 10. h3 Bxf3 11. Bxf3 Nc6 12. Bxc6 bxc6 13. c5 Nd5 14. Qe2 e6 15.
Nd2 Ne7 16. Nf3 Nf5 17. Qf2 a5 18. g4 Ne7 19. Bg5 f6 20. exf6 Bxf6 21. Bh6 Bg7
22. Bxg7 Kxg7 23. Qe3 Rf6 24. Ng5 Nd5 25. Nxe6+ Rxe6 26. Qxe6 Qg5 27. Rf7+ Kh6
28. Qe5 Qxe5 29. dxe5 Re8 30. Re1 Re6 31. h4 g5 32. Kg2 gxh4 33. Kh3 Kg6 34.
Rf5 Nb4 35. Ref1 Nd5 36. Kxh4 h6 37. g5 h5 38. Rf6+ Nxf6 39. Rxf6+ 1-0